000 00802nam a2200301 a 4500
003 AR-BaBNM
005 20251128210507.0
008 082120s2002 ||||||||||||||000 | spa||
020 _a84-8063-045-0
040 _cAR-BaBNM
100 1 _aAcero, Juan José
245 0 0 _aLenguaje y filosofía
250 _a1ª ed.
260 _aBarcelona
_bEdiciones Octaedro
_c1993
300 _a116 p.
490 0 _aLenguaje y comunicación
_vv. 5
500 _aContiene referencias bibliográficas
650 4 _aLINGUISTICA
650 4 _aTEORIA LINGÜISTICA
650 4 _aSEMANTICA
650 4 _aCAMBIO LINGUISTICO
650 4 _aSOCIOLINGUISTICA
653 _aHISTORIA DE LA LENGUA
653 _aFILOSOFIA DEL LENGUAJE
800 1 _aOrtega, Jenaro
_edirector
942 _cBK
998 _cMARTIN
999 _c15677
_d15677